000
00481nam a2200169Ia 4500
008
110201s9999 xx 000 0 und d
082
_b
B932
_a
K 752
100
_a
वर्टी अ.वा.
245
_a
कठपूतळया
260
_b
सरस साहित्य
365
_b
18
600
_a
वर्टी अ.वा.
630
_a
कठपूतळया
700
_a
वर्टी अ.वा.
730
_a
कठपूतळया
942
_c
BOOK
999
_c
828302
_d
828299